Diccionario Michigan (Español-Inglés / Inglés-Español) (Registro nro. 2053)
[ vista simple ]
| 000 -LEADER | |
|---|---|
| fixed length control field | 01007nam a22002057a 4500 |
| 003 - CONTROL NUMBER IDENTIFIER | |
| control field | OSt |
| 005 - DATE AND TIME OF LATEST TRANSACTION | |
| control field | 20260408095308.0 |
| 008 - FIXED-LENGTH DATA ELEMENTS--GENERAL INFORMATION | |
| fixed length control field | 260408b |||||||| |||| 00| 0 spa d |
| 082 ## - DEWEY DECIMAL CLASSIFICATION NUMBER | |
| Edition number | 9789875222762. |
| 100 ## - MAIN ENTRY--PERSONAL NAME | |
| Personal name | Carlos Alberto Campos Salvá. |
| 245 ## - TITLE STATEMENT | |
| Title | Diccionario Michigan (Español-Inglés / Inglés-Español) |
| 250 ## - EDITION STATEMENT | |
| Edition statement | 1ra edición |
| 260 ## - PUBLICATION, DISTRIBUTION, ETC. | |
| Place of publication, distribution, etc. | buenos aires |
| Name of publisher, distributor, etc. | visor E.A.S.A.. |
| Date of publication, distribution, etc. | 2006 |
| 300 ## - PHYSICAL DESCRIPTION | |
| Extent | 230 PAG |
| Dimensions | 25X23 CM |
| 490 ## - SERIES STATEMENT | |
| Materials specified | Papel de gramaje estándar |
| 520 ## - SUMMARY, ETC. | |
| Summary, etc. | El libro funciona como un diccionario bilingüe bidireccional. Su objetivo es facilitar la traducción y comprensión de términos básicos y cotidianos entre el español y el inglés, proporcionando equivalencias directas, categorías gramaticales (sustantivo, verbo, adjetivo) y, en muchos casos, ejemplos de uso o frases idiomáticas. |
| 650 ## - SUBJECT ADDED ENTRY--TOPICAL TERM | |
| Topical term or geographic name entry element | Sección Inglés - Español ,Sección Español - Inglés |
| Form subdivision | Guía de Pronunciación , Abreviaturas |
| 700 ## - ADDED ENTRY--PERSONAL NAME | |
| Personal name | Carlos Alberto Campos Salvá |
| 942 ## - ADDED ENTRY ELEMENTS (KOHA) | |
| Source of classification or shelving scheme | Dewey Decimal Classification |
| Koha item type | Acceso Libre |
| Edition | 1 |
| Suppress in OPAC | No |
| Withdrawn status | Lost status | Source of classification or shelving scheme | Damaged status | Not for loan | Collection | Home library | Current library | Shelving location | Date acquired | Source of acquisition | Coded location qualifier | Inventory number | Total checkouts | Full call number | Barcode | Date last seen | Copy number | Price effective from | Koha item type |
|---|---|---|---|---|---|---|---|---|---|---|---|---|---|---|---|---|---|---|---|
| Dewey Decimal Classification | Estantería E Fila 3 | Biblioteca Stanford | Biblioteca Stanford | Biblioteca Abierta | 08.04.2026 | IDIOMAS | 0477 | 0477 | INGLES | IDIOMA0477 | 08.04.2026 | 1 | 08.04.2026 | Acceso Libre |